Statistiken für Torschützenkönige in der Geschichte des SC Freiburg

Klicken Sie hier um das Quiz zu spielen!

Allgemein

  • Dieses Quiz wurde 28 mal gespielt
  • Das Durchschnittsergebnis liegt bei 4 aus 11

Antwortstatistiken

ToreNationalitätSpieler% Korrekt
105DeutschlandNils Petersen
100%
83ItalienVincenzo Grifo
96%
39SenegalPapiss Cissé
74%
63GeorgienAlexander Iashvili
48%
83DeutschlandJoachim Löw
30%
58Senegal / FrankreichSouleyman Sané
19%
46DeutschlandAndreas Zeyer
15%
43MaliSoumaila Coulibaly
11%
39DeutschlandReinhard Binder
0%
53DeutschlandUwe Spies
0%
67DeutschlandWolfgang Schüler
0%

Verteilung der Resultate

Perzentil nach korrekt beantworteten Fragen

Anzahl Personen mit jedem Resultat

Ihre Resultats-Entwicklung

Sie haben dieses Quiz noch nicht gespielt